000 00535nam a2200229Ia 4500
003 OSt
005 20220924150102.0
006 a|||||r|||| 00| 0
007 ta
008 220923b |||||||| |||| 00| 0 tel d
024 _a331716
037 _cTextual
040 _aARTS
_cARTS
_btel
041 _2tel
_atel
082 _aO35,1x, L7
100 _aVikrasam
_9221234
245 0 _aSmgs
260 _c1979
650 _aTELUGU POETRY
942 _hO35,1x, L7
_cTEXL
_2CC
999 _c462151
_d462151